000 00742nam a2200229 a 4500
001 000036995
005 20200930080054.0
008 120207s1973 cl 000 0 spa d
040 _aDO-SdBNP
_bspa
_cBNPHU
082 _axxxx
_bxxxx
245 0 0 _aImperialismo y control de la población /
_cAngel Fucaraccio ...[et al].
260 _aChile :
_bediciones periferia,
_c1973.
300 _a199 p. ;
_c20 cm.
490 1 _aEstados Unidos y América Latina
700 1 _aOvsienko, V. E.
_963387
700 1 _aSlutzky, Daniel
_95397
700 1 _aIsrael Singer, Paul
_963388
700 1 _aBarclay, William
_951951
700 1 _aEnright, Joseph
_963389
700 1 _at. Reynolds, Reid
_963390
830 0 _aEstados Unidos y América Latina
_963391
999 _c36485
_d36485